| 000 | nam a22 7a 4500 | ||
|---|---|---|---|
| 999 |
_c22212 _d22212 |
||
| 008 | 170123b xxu||||| |||| 00| 0 eng d | ||
| 050 |
_aLB1590.3 _b.C53 1988 |
||
| 100 | _aKruse,Janice | ||
| 245 |
_aClassroom Activities in Thinking Skills/ _cJanice Kruse |
||
| 260 |
_aPhiladelphia : _bResearch for better Schools, _cc1988 |
||
| 300 |
_a129p. : _bill. ; _c28cm. |
||
| 942 |
_2lcc _cBOOKS _hLB1590.3 .C53 1988 |
||